00652nam a22001937a 450000500170000001000150001702000260003203500130005803700130007110000220008424500350010626000310014127000640017230000200023670000390025694200170029599900170031295201290032920130117141354.0 aENG-106615 a9788124117132c595.00 aEN-90148 bDBAD/PUB aDas, J. P.954981 aComplete plays /cby J. P. Das aNew DelhibHar-Anandc2012 aE-49/3, Okhla Industrial Area, Phase-II,bNew Delhie110020 a256p.c22cm(Hb) aBhattacharjee, Nirmal Kanti954863 2ddccENmDAS c73116d73116 001040708NFICaDBADbDBADd2013-01-17eDBAD/PUBg595.00l0oDASpEN-90148r2013-01-17 00:00:00t1v595.00w2013-01-17yEN